Catálogo

UN ANALISIS ECONOMICO DE LA PRIVATIZACION (Registro nro. 57348)

Detalles MARC
000 -LEADER
fixed length control field 01023nam a2200229 a 4500
001 - CONTROL NUMBER
control field 57348
005 - DATE AND TIME OF LATEST TRANSACTION
control field 20180714053509.0
008 - FIXED-LENGTH DATA ELEMENTS--GENERAL INFORMATION
fixed length control field 140415s1991 mx 000 0 spa d
020 ## - INTERNATIONAL STANDARD BOOK NUMBER
International Standard Book Number 9681636406
041 ## - LANGUAGE CODE
Language code of text/sound track or separate title spa
082 ## - DEWEY DECIMAL CLASSIFICATION NUMBER
Classification number 338.941
Item number VIC
100 1# - MAIN ENTRY--PERSONAL NAME
Personal name VICKERS, JOHN
245 13 - TITLE STATEMENT
Title UN ANALISIS ECONOMICO DE LA PRIVATIZACION
250 ## - EDITION STATEMENT
Edition statement 1a ed.
260 ## - PUBLICATION, DISTRIBUTION, ETC.
Place of publication, distribution, etc. MEXICO :
Name of publisher, distributor, etc. FONDO DE CULTURA ECONOMICA,
Date of publication, distribution, etc. 1991
300 ## - PHYSICAL DESCRIPTION
Extent 111
Dimensions 13.7 x 3.5 x 21
490 ## - SERIES STATEMENT
Series statement ECONOMIA CONTEMPORANEA
520 ## - SUMMARY, ETC.
Summary, etc. EN UN ANÁLISIS ECONÓMICO DE LA PRIVATIZACIÓN LOS AUTORES HACEN UNA ÚTIL RESEÑA DE LAS TEORÍAS ECONÓMICAS QUE HAN SERVIDO DE BASE PARA LAS POLÍTICAS DE PRIVATIZACIÓN,TENIENDO EN PERSPECTIVA LAS DIFERENCIAS ENTRE LAS EMPREAS PÚBLICAS Y LAS PRIVADAS Y LAS NECESIDADES TECNOLÓGICAS Y ESTRUCTURALES DE LA INDUSTRIA MODERNA
650 14 - SUBJECT ADDED ENTRY--TOPICAL TERM
Topical term or geographic name entry element PRIVATIZCION
General subdivision GRAN BRETAA
-- PRIVATIZACION
-- GRAN BRETAA
-- ESTUDIO DE CASOS
740 ## - ADDED ENTRY--UNCONTROLLED RELATED/ANALYTICAL TITLE
Uncontrolled related/analytical title PRIVATIZATION: AN ECONOMIC ANALYSIS
700 1# - ADDED ENTRY--PERSONAL NAME
Personal name YARROW, GEORGE
Relator term coaut.
Existencias
Withdrawn status Lost status Source of classification or shelving scheme Damaged status Not for loan Collection code Home library Current library Shelving location Date acquired Source of acquisition Inventory number Total Checkouts Full call number Barcode Date last seen Price effective from Koha item type
    Dewey Decimal Classification     General Biblioteca Karol Wojtyla Biblioteca Karol Wojtyla Sala general 03/12/2013 Compra 151000000000000000051502   338.941 VIC 86669 05/01/2026 03/12/2013 Libro